Vista normal
Vista MARC
Entrada Personal Name
Número de registros utilizados en: 1
001 - CONTROL NUMBER
- control field: 39114
003 - CONTROL NUMBER IDENTIFIER
- control field: OSt
005 - DATE AND TIME OF LATEST TRANSACTION
- control field: 20230915232105.0
008 - FIXED-LENGTH DATA ELEMENTS
- fixed length control field: 230915|| aca||aabn | a|a d
040 ## - CATALOGING SOURCE
- Original cataloging agency: OSt
- Transcribing agency: OSt
100 ## - HEADING--PERSONAL NAME
- Personal name: ESPINOSA, GERMAN, 1938 - 2007 - COLECCIONES DE ESCRITOS
670 ## - SOURCE DATA FOUND
- Source citation: Work cat.: (OSt)23139: Espinosa, Germán, 1938 - 2007 39113, El espejo retrovisor : , 2013